000 00481nam a2200169Ia 4500
005 20250923144231.0
008 008 250917s9999 xx 000 0 eng d
037 _aReference
040 _aDSWL
_beng
_cDSWL
041 _aeng
_2eng
084 _aL:55:33b7311:N18, H3
_qDSWL
245 0 _aMaternity Center Association, 1918-1943
260 _aNew York
_b MCA
_c1943
300 _a84 p.
942 _cREF
_hL:55:33b7311:N18, H3
999 _c1436386
_d1436386